Farizeji ? Vatikán zatvoril dvere homosexuálnym seminaristom

Bibliographic Details
Main Author: Repa, Marián (Author)
Format: Article
Language:Slovak
PhysicalDescription:Obr.
ISSN:1210-2040
Subjects:

MARC

LEADER 00000nab a2200000 a 4500
001 vtls008416995
003 SK-MaSNL
005 20260303070026.0
008 051208 2005 xo r r 000 0 slo
015 |a SNBRB2005/12 
038 |a KEVKJB 
040 |a KEVKJB  |b slo  |c KEVKJB  |e AACR2 
041 0 |a slo 
044 |a xo  |c SK 
080 |a 613.885  |2 UDC-MRF-SK2 
080 |a 282  |2 UDC-MRF-SK2 
100 1 |a Repa, Marián  |4 aut  |9 839939 
245 1 0 |a Farizeji ?  |b Vatikán zatvoril dvere homosexuálnym seminaristom  |c Marián Repa 
300 |b Obr. 
650 0 7 |a homosexualita  |x Rímskokatolícka cirkev  |2 kevkjb  |9 1066918 
650 0 7 |a Rímskokatolícka cirkev  |x homosexualita  |2 kevkjb  |9 1066919 
773 0 |t Plus 7 dní  |g Roč. XV, č. 50 (2005), s. 50-52  |x 1210-2040 
852 |a KEVKJB  |b KIS3GCP 
999 |c 1753597  |d 1755527